| 000 | 01019cam a2200277 a 4500 | ||
|---|---|---|---|
| 001 | 12170164 | ||
| 003 | NUST-PNEC | ||
| 005 | 20170114142453.0 | ||
| 008 | 000912s2001 at a b 001 0 eng | ||
| 010 | _a 00046819 | ||
| 020 | _a0534382169 (alk. paper) | ||
| 040 |
_aDLC _cDLC _dDLC |
||
| 050 | 0 | 0 |
_aQA297 _b.B84 2001 |
| 082 | 0 | 0 | _a519.4 BUR |
| 100 | 1 | _aBurden, Richard L. | |
| 245 | 1 | 0 |
_aNumerical analysis / _cRichard L. Burden, J. Douglas Faires. |
| 250 | _a7th ed. | ||
| 260 |
_aAustralia ; _aPacific Grove, CA : _bBrooks/Cole, _cc2001. |
||
| 300 |
_axiii, 841 p. : _bill. ; _c24 cm. |
||
| 504 | _aIncludes bibliographical references (p. [743]-752) and index. | ||
| 650 | 0 |
_aNumerical analysis. _xME, EE |
|
| 700 | 1 | _aFaires, J. Douglas. | |
| 906 |
_a7 _bcbc _corignew _d1 _eocip _f20 _gy-gencatlg |
||
| 942 |
_2ddc _cBK |
||
| 999 |
_c59997 _d59997 |
||